000 00710cab a2200217 4500
001 WB3506-38
008 090401t1999 xxu||||| |||| 00| 0 eng d
035 _a(Sirsi) u91203
041 _aeng
245 _aMillennium bug `not a cause for panic`
260 _c1999
350 _a0
490 _aEstates Gazette
_v(9905) 6 February 1999, 40(1)
520 _aSurveys by Workman & Partners and Lee Baron suggest that the millennium bug will have little effect on property, in contrast to RICS warnings.
650 _aBUILDING CONTROL SYSTEMS
650 _aMILLENNIUM BUG
650 _aYEAR 2000
690 _aMANAGEMENT-BUSINESS MANAGEMENT-INFORMATION MANAGEMENT
942 _n0
948 _c10/02/1999
999 _c57877
_d57877